Historia de la Diputación Provincial de Soria / (Record no. 77617)

MARC details
000 -LEADER
campo de control de longitud fija 00972nam a2200253 i 4500
001 - NÚMERO DE CONTROL
campo de control 77617
003 - IDENTIFICADOR DE NÚMERO DE CONTROL
campo de control ES-MaACL
005 - FECHA Y HORA DE LA ÚLTIMA TRANSACCIÓN
campo de control 20230906173313.0
007 - CAMPO FIJO DE DESCRIPCIÓN FÍSICA--INFORMACIÓN GENERAL
campo de control de longitud fija t|
008 - DATOS DE LONGITUD FIJA--INFORMACIÓN GENERAL
campo de control de longitud fija 041027m20032004sp a |||| | spa d
020 ## - NÚMERO INTERNACIONAL ESTÁNDAR DEL LIBRO
Número Internacional Estándar del Libro 84-95099-57-8
080 ## - NÚMERO DE LA CLASIFICACIÓN DECIMAL UNIVERSAL
Número de la Clasificación Decimal Universal 353.2(460.186)(091)
080 ## - NÚMERO DE LA CLASIFICACIÓN DECIMAL UNIVERSAL
Número de la Clasificación Decimal Universal 94(460.186)"18/19"
100 1# - ENTRADA PRINCIPAL--NOMBRE DE PERSONA
Nombre de persona García Segura, María Concepción.
9 (RLIN) 55291
245 10 - MENCIÓN DEL TÍTULO
Título Historia de la Diputación Provincial de Soria /
Mención de responsabilidad, etc. María Concepción García Segura.
260 ## - PUBLICACIÓN, DISTRIBUCIÓN, ETC.
Lugar de publicación, distribución, etc. Soria :
Nombre del editor, distribuidor, etc. Diputación Provincial de Soria,
Fecha de publicación, distribución, etc. [2003-2004]
300 ## - DESCRIPCIÓN FÍSICA
Extensión 2 v. :
Otras características físicas il. ;
Dimensiones 32 cm.
504 ## - NOTA DE BIBLIOGRAFÍA, ETC.
Nota de bibliografía, etc. Referencias bibliográficas.
505 8# - NOTA DE CONTENIDO CON FORMATO
Nota de contenido con formato Contiene: v. 1. Siglo XIX, años 1813-1843 (518 p.) - v. 2. Siglo XIX, años 1843-1902 (486 p.)
610 14 - PUNTO DE ACCESO ADICIONAL DE MATERIA--NOMBRE DE ENTIDAD CORPORATIVA
Nombre de entidad corporativa o nombre de jurisdicción como elemento de entrada Soria (Provincia).
Unidad subordinada Diputación Provincial-
Subdivisión de forma Historia.
9 (RLIN) 149922
651 #4 - PUNTO DE ACCESO ADICIONAL DE MATERIA--NOMBRE GEOGRÁFICO
Nombre geográfico Soria (Provincia)-
Subdivisión general Historia-
Subdivisión cronológica S.XIX.
9 (RLIN) 149923
710 1# - ENTRADA AGREGADA--NOMBRE DE ENTIDAD CORPORATIVA
Nombre de entidad corporativa o nombre de jurisdicción como elemento de entrada Soria (Provincia).
Unidad subordinada Diputación Provincial.
9 (RLIN) 6880
852 ## - LOCALIZACIÓN
Ubicación ES-MaACL
Número de control de estantería L-28366-67
Holdings
Estatus retirado Estado de pérdida Estado de daño No para préstamo Biblioteca de origen Biblioteca actual Ubicación en estantería Fecha de adquisición Fuente de adquisición Total de préstamos Signatura topográfica completa Código de barras Visto por última vez Precio de reemplazo Tipo de ítem Koha
        Biblioteca del Ateneo de Madrid Biblioteca del Ateneo de Madrid Depósito 2 17/01/2008     L-28366-67 1081206 23/02/2023 23/02/2023 Libro impreso